000 00738nam a2200241Ia 4500
003 OSt
005 20220925222412.0
006 a|||||r|||| 00| 0
007 ta
008 220923b |||||||| |||| 00| 0 eng d
037 _cGeneral Book
040 _aRTL
_cRTL
_beng
041 _2eng
_aeng
082 _aY:(R37), L0
100 _aVickers Geoffrey
_9127060
245 0 _aFreemon in a rocking boat
_b Changing values in an u
260 _aLondon
_bPenguin Press
_c1970
300 _a215p
_ccm.
500 _aBibiliography at the end of each chapter and P 207-8; Appendix P 197-203
650 _aScinentific method
_9238255
942 _hY:(R37), L0
_cGB
_2CC
999 _c576951
_d576951